Predikčné modely v podmienkach SR diplomová práca

Guardado en:
Detalles Bibliográficos
Autor principal: Pallai, Erik
Autor Corporativo: Fakulta hospodárskej informatiky EU. Katedra účtovníctva a audítorstva
Otros Autores: Sovíková, Daniela, 1983-
Formato: Libro
Lenguaje:eslovaco
Publicado: Bratislava 2018
Etiquetas: Agregar Etiqueta
Sin Etiquetas, Sea el primero en etiquetar este registro!

MARC

LEADER 00000nbm a2200000 4500
001 0243567
005 20181108092208.5
041 0 |a slo 
044 |a SK 
245 1 0 |a Predikčné modely v podmienkach SR  |b diplomová práca  |c Erik Pallai ; školiteľ: Daniela Tučníková 
264 1 |a Bratislava  |c 2018 
300 |a 66 s. 
100 1 |a Pallai, Erik 
700 1 |a Sovíková, Daniela, 1983- 
710 2 |a Fakulta hospodárskej informatiky EU. Katedra účtovníctva a audítorstva